[Event "Tuimazy-ch U14"]
[Site "Tuimazy"]
[Date "2016.03.06"]
[Round "11"]
[White "Asadullin, Lenar"]
[Black "Khakimov, Marat"]
[Result "1-0"]
[WhiteElo "1049"]
[BlackElo "1470"]
[PlyCount "71"]
[EventDate "2016.03.01"]
[EventType "tourn"]
[EventRounds "15"]
[EventCountry "RUS"]
[SourceTitle "EXT 2022"]
[Source "ChessBase"]
[SourceDate "2021.10.06"]
[SourceVersion "1"]
[SourceVersionDate "2021.10.06"]
[SourceQuality "1"]

1. e4 e5 2. Nf3 Nc6 3. Bc4 Bc5 4. d3 Nf6 5. Ng5 0-0 6. Qf3 d6 7. Be3 Bg4 8. Qg3 h6 9. Bxc5 dxc5 10. Nf3 Bxf3 11. Qxf3 Qd4 12. c3 Qd7 13. 0-0 Qg4 14. Qxg4 Nxg4 15. f3 Ne3 16. Re1 Nc2 17. Nd2 Nxa1 18. Rxa1 Rfd8 19. Kf2 Na5 20. Bb5 c6 21. Ba4 b5 22. Bc2 Kh8 23. Ke3 c4 24. b4 Nb7 25. a4 a6 26. a5 Rac8 27. dxc4 bxc4 28. Nxc4 Rd7 29. Nb6 Rcd8 30. Nxd7 Rxd7 31. Bd3 c5 32. Bxa6 Nd6 33. bxc5 Nb7 34. c6 Rc7 35. cxb7 Rxb7 36. Bxb7 1-0

[Event "Tuimazy-ch U14"]
[Site "Tuimazy"]
[Date "2016.03.06"]
[Round "12"]
[White "Gilaev, Dinar"]
[Black "Asadullin, Lenar"]
[Result "1-0"]
[WhiteElo "1291"]
[BlackElo "1049"]
[PlyCount "91"]
[EventDate "2016.03.01"]
[EventType "tourn"]
[EventRounds "15"]
[EventCountry "RUS"]
[SourceTitle "EXT 2022"]
[Source "ChessBase"]
[SourceDate "2021.10.06"]
[SourceVersion "1"]
[SourceVersionDate "2021.10.06"]
[SourceQuality "1"]

1. e4 e5 2. Nf3 d6 3. Bc4 Bg4 4. h3 Bxf3 5. Qxf3 Qf6 6. Qxf6 Nxf6 7. d3 Be7 8. Nc3 0-0 9. Bg5 Nbd7 10. Bxf6 Bxf6 11. 0-0 c6 12. a3 Nb6 13. Bb3 Rfd8 14. f4 exf4 15. Rxf4 Bxc3 16. bxc3 d5 17. exd5 Nxd5 18. Bxd5 Rxd5 19. Re4 Kf8 20. Rb1 Rb8 21. Ra4 a6 22. Rxa6 bxa6 23. Rxb8+ Ke7 24. Rb7+ Kf6 25. Rb6 Rc5 26. Rb3 Rb5 27. Rxb5 axb5 28. Kf2 Ke5 29. Ke3 f5 30. g3 g5 31. c4 f4+ 32. gxf4+ gxf4+ 33. Kf3 bxc4 34. dxc4 c5 35. a4 Kd6 36. Kxf4 Kc6 37. Ke5 Kb6 38. Kd5 h6 39. a5+ Kxa5 40. Kxc5 Ka6 41. Kc6 Ka7 42. Kc7 Ka8 43. c5 h5 44. c6 h4 45. Kd7 Kb8 46. c7+ 1-0

[Event "Tuimazy-ch U14"]
[Site "Tuimazy"]
[Date "2016.03.05"]
[Round "9"]
[White "Asadullin, Lenar"]
[Black "Makhmutov, Azamat"]
[Result "0-1"]
[WhiteElo "1049"]
[BlackElo "1404"]
[PlyCount "76"]
[EventDate "2016.03.01"]
[EventType "tourn"]
[EventRounds "15"]
[EventCountry "RUS"]
[SourceTitle "EXT 2022"]
[Source "ChessBase"]
[SourceDate "2021.10.06"]
[SourceVersion "1"]
[SourceVersionDate "2021.10.06"]
[SourceQuality "1"]

1. e4 c5 2. d4 cxd4 3. Qxd4 Nc6 4. Qd1 d6 5. Bb5 Bd7 6. c4 Nf6 7. Nc3 e6 8. Be3 Be7 9. f4 Qa5 10. Qa4 Qxa4 11. Bxa4 0-0 12. Nf3 Nb4 13. Bb3 Bc6 14. a3 Nd3+ 15. Ke2 Nc5 16. Bxc5 dxc5 17. Bc2 Rfd8 18. Rhd1 Nd7 19. e5 Nf8 20. Be4 Bxe4 21. Nxe4 Ng6 22. Rxd8+ Rxd8 23. Rd1 Nxf4+ 24. Ke1 Nxg2+ 25. Ke2 Rxd1 26. Kxd1 Ne3+ 27. Ke2 Nxc4 28. b4 cxb4 29. axb4 Bxb4 30. Ned2 Bxd2 31. Nxd2 Nxd2 32. Kxd2 b5 33. Kc3 a5 34. Kb2 f6 35. exf6 gxf6 36. Kc3 e5 37. h4 e4 38. Kd4 f5 0-1

[Event "Tuimazy-ch U14"]
[Site "Tuimazy"]
[Date "2016.03.03"]
[Round "5"]
[White "Asadullin, Lenar"]
[Black "Bigalin, Ilnar"]
[Result "0-1"]
[WhiteElo "1049"]
[BlackElo "1531"]
[PlyCount "52"]
[EventDate "2016.03.01"]
[EventType "tourn"]
[EventRounds "15"]
[EventCountry "RUS"]
[SourceTitle "EXT 2022"]
[Source "ChessBase"]
[SourceDate "2021.10.06"]
[SourceVersion "1"]
[SourceVersionDate "2021.10.06"]
[SourceQuality "1"]

1. e4 e5 2. Nf3 Nc6 3. Bc4 Bc5 4. d3 Nf6 5. Bg5 d6 6. Bd5 Bd7 7. Nc3 h6 8. Bh4 g5 9. Bg3 Nxd5 10. exd5 Nd4 11. Nxd4 Bxd4 12. Qd2 f5 13. h3 f4 14. Bh2 Qf6 15. 0-0 f3 16. g3 Bxh3 17. Rfe1 0-0-0 18. Re4 h5 19. b3 Bf5 20. Ree1 h4 21. gxh4 gxh4 22. Kh1 Bh3 23. Rad1 Bg2+ 24. Kg1 Qg6 25. Bg3 hxg3 26. Nb5 Rh1# 0-1

[Event "Tuimazy-ch U14"]
[Site "Tuimazy"]
[Date "2016.03.01"]
[Round "2"]
[White "Asadullin, Lenar"]
[Black "Evstafyev, Georgy"]
[Result "0-1"]
[WhiteElo "1049"]
[BlackElo "1230"]
[PlyCount "130"]
[EventDate "2016.03.01"]
[EventType "tourn"]
[EventRounds "15"]
[EventCountry "RUS"]
[SourceTitle "EXT 2022"]
[Source "ChessBase"]
[SourceDate "2021.10.06"]
[SourceVersion "1"]
[SourceVersionDate "2021.10.06"]
[SourceQuality "1"]

1. e4 e5 2. Nf3 Nc6 3. Bc4 Nf6 4. d3 Be7 5. Nc3 d6 6. Be3 Be6 7. Bxe6 fxe6 8. Ng5 Qd7 9. f4 exf4 10. Bxf4 e5 11. Bg3 0-0-0 12. 0-0 Rhf8 13. Nf3 Ng4 14. Qe2 h5 15. h3 Nf6 16. Bh4 Nh7 17. Bxe7 Qxe7 18. Nd5 Qd7 19. Rf2 Nf6 20. Nxf6 Rxf6 21. Raf1 Rdf8 22. Nh2 Qe6 23. Rxf6 Rxf6 24. Rxf6 Qxf6 25. a3 g6 26. c3 Kd7 27. Qf3 Qxf3 28. Nxf3 Ke7 29. Nd2 Kf6 30. Kf2 Ne7 31. g3 g5 32. Kf3 Ng6 33. Nf1 c6 34. Ne3 b5 35. Nf5 d5 36. Nh6 Ne7 37. g4 h4 38. Nf5 Ke6 39. Ng7+ Kd7 40. Nf5 a5 41. Nxe7 Kxe7 42. b4 axb4 43. axb4 Kd6 44. Ke3 Ke6 45. d4 Kd6 46. dxe5+ Kxe5 47. exd5 cxd5 48. Ke2 Ke4 49. Kd2 Kf3 50. Kd3 Kg3 51. Kd4 Kxh3 52. Kxd5 Kxg4 53. Kc5 h3 54. Kxb5 h2 55. c4 h1Q 56. c5 Qb7+ 57. Kc4 Kf5 58. b5 Ke5 59. c6 Qb6 60. Kb4 g4 61. Kc4 g3 62. Kb4 g2 63. Kc4 g1Q 64. Kb4 Qgc5+ 65. Ka4 Qbxb5# 0-1

[Event "Tuimazy-ch U14"]
[Site "Tuimazy"]
[Date "2016.03.01"]
[Round "1"]
[White "Farkhutdinov, Danil"]
[Black "Asadullin, Lenar"]
[Result "1-0"]
[WhiteElo "1338"]
[BlackElo "1049"]
[PlyCount "105"]
[EventDate "2016.03.01"]
[EventType "tourn"]
[EventRounds "15"]
[EventCountry "RUS"]
[SourceTitle "EXT 2022"]
[Source "ChessBase"]
[SourceDate "2021.10.06"]
[SourceVersion "1"]
[SourceVersionDate "2021.10.06"]
[SourceQuality "1"]

1. e4 e5 2. Nf3 d6 3. Bc4 Nc6 4. d3 h6 5. Be3 Nf6 6. Nc3 Be7 7. Nd5 Be6 8. Nxf6+ Bxf6 9. Bxe6 fxe6 10. g3 Nd4 11. Bxd4 exd4 12. Nh4 Bxh4 13. gxh4 Qxh4 14. Qf3 Qf6 15. Qh5+ Qf7 16. Qb5+ Qd7 17. Qxb7 Qc8 18. Qc6+ Ke7 19. Rg1 Qg8 20. Qc4 c5 21. c3 dxc3 22. Qxc3 Qf8 23. e5 Kd7 24. exd6 Kxd6 25. Qc4 Qf6 26. Rc1 Qe5+ 27. Kf1 g5 28. Qa6+ Kd7 29. Qb7+ Kd6 30. b4 Rhc8 31. bxc5+ Rxc5 32. Rxc5 Qxc5 33. Qxa8 Qc1+ 34. Kg2 Qc6+ 35. Qxc6+ Kxc6 36. Rc1+ Kd7 37. Rc4 Kd6 38. Ra4 a5 39. Rxa5 Ke7 40. Re5 Kf6 41. d4 g4 42. a4 Ke7 43. a5 Kd7 44. a6 Kc7 45. Rb5 Kc6 46. Rb4 Kc7 47. a7 Kc6 48. a8Q+ Kd6 49. Rb6+ Ke7 50. Qg8 Kd7 51. Qxe6+ Kd8 52. Rc6 h5 53. Rc8# 1-0